Learning building pathology using computers - evaluation of a prototype application (Record no. 74369)

MARC details
000 -LEADER
fixed length control field 01103cab a2200229 4500
001 - CONTROL NUMBER
control field ABS67701
008 - FIXED-LENGTH DATA ELEMENTS--GENERAL INFORMATION
fixed length control field 040415n2004 000 0 eng u
035 ## - SYSTEM CONTROL NUMBER
System control number (Sirsi) u125840
100 ## - MAIN ENTRY--PERSONAL NAME
Personal name Shelbourn, M.
245 ## - TITLE STATEMENT
Title Learning building pathology using computers - evaluation of a prototype application
260 ## - PUBLICATION, DISTRIBUTION, ETC.
Date of publication, distribution, etc. 2004
490 ## - SERIES STATEMENT
Series statement Structural Survey
Volume/sequential designation 22(1) 2004, 30-38(9)
520 ## - SUMMARY, ETC.
Summary, etc. Presents the results of a prototype application developed to enable inexperienced surveyors to learn building pathology without leaving their desktops. Concludes that educators now have to provide time-consuming and costly training and learning material to enable students to survey buildings directly after graduation, with little or no supervision. The online system is designed to provide convenient computer-based learning. Charts and references.
590 ## - LOCAL NOTE (RLIN)
Local note ABS
650 ## - SUBJECT ADDED ENTRY--TOPICAL TERM
Topical term or geographic name entry element BUILDING PATHOLOGY
650 ## - SUBJECT ADDED ENTRY--TOPICAL TERM
Topical term or geographic name entry element COMPUTER BASED TRAINING
650 ## - SUBJECT ADDED ENTRY--TOPICAL TERM
Topical term or geographic name entry element CAREERS, EDUCATION AND TRAINING
690 ## - LOCAL SUBJECT ADDED ENTRY--TOPICAL TERM (OCLC, RLIN)
Topical term or geographic name as entry element BUILT ENVIRONMENT-BUILDING INSPECTION
700 ## - ADDED ENTRY--PERSONAL NAME
Personal name Hoxley, M.
700 ## - ADDED ENTRY--PERSONAL NAME
Personal name Aouad, G.
942 ## - ADDED ENTRY ELEMENTS (KOHA)
Suppress in OPAC 0
Holdings
Withdrawn status Lost status Source of classification or shelving scheme Damaged status Not for loan Home library Current library Shelving location Date acquired Total Checkouts Full call number Barcode Date last seen Copy number Price effective from Koha item type
    Dewey Decimal Classification     London London Journal article 15/04/2004   ABS67701 125840-1001 06/08/2019 1 06/08/2019 Journal article